[Event "Faxe EMT 2000"]
[Site "Faxe"]
[Date "2000.03.15"]
[Round "1"]
[White "Toftvang, Ove"]
[Black "Christiansen, Niels"]
[Result "0-1"]
[WhiteElo "1301"]
[BlackElo "1265"]
[PlyCount "68"]
[EventDate "2000.??.??"]

1. e4 c6 2. d4 d5 3. e5 Bf5 4. Bd3 Bxd3 5. Qxd3 e6 6. Nf3 Be7 7. c3 Nd7 8. b3
Qb6 9. O-O f6 10. Re1 c5 11. c4 dxc4 12. bxc4 cxd4 13. Bf4 O-O-O 14. Nbd2 Nxe5
15. Bxe5 fxe5 16. Nxe5 Rf8 17. Rab1 Qc7 18. Nef3 Bf6 19. Rxe6 Ne7 20. Nb3 Nc6
21. Re4 Be5 22. Nxe5 Nxe5 23. Qh3+ Kb8 24. Rxd4 h5 25. c5 a5 26. Nd2 Qxc5 27.
Qe3 Rc8 28. Nb3 Qc7 29. Rd5 Ng4 30. Qg3 Qxg3 31. fxg3 b6 32. Nd4 Rh6 33. Rxa5
Rd6 34. Nf5 Rdc6 0-1

[Event "Faxe EMT 2000"]
[Site "Faxe"]
[Date "2000.03.15"]
[Round "1"]
[White "Hansen, Ove Bonnelykke"]
[Black "Refsgaard, Kaj"]
[Result "1/2-1/2"]
[WhiteElo "1586"]
[BlackElo "1663"]
[PlyCount "69"]
[EventDate "2000.??.??"]

1. e4 c5 2. Nf3 Nc6 3. d4 cxd4 4. Nxd4 Nf6 5. Nc3 d6 6. Be2 g6 7. O-O Bg7 8.
Be3 O-O 9. h3 Bd7 10. Nxc6 Bxc6 11. f3 Nh5 12. Bd4 Bxd4+ 13. Qxd4 Qa5 14. Nd5
Bxd5 15. exd5 Rfc8 16. c3 Ng3 17. Rf2 Nxe2+ 18. Rxe2 Rc7 19. b3 Re8 20. Rae1 b6
21. Qh4 f6 22. c4 Qb4 23. Re6 Qc3 24. Rxf6 exf6 25. Rxe8+ Kg7 26. Qe4 Qb2 27.
Re6 b5 28. Re7+ Rxe7 29. Qxe7+ Kh6 30. Qxd6 bxc4 31. Qf4+ g5 32. Qxc4 Qa1+ 33.
Kh2 Qe5+ 34. Kg1 Qa1+ 35. Kf2 1/2-1/2

[Event "Faxe EMT 2000"]
[Site "Faxe"]
[Date "2000.03.15"]
[Round "1"]
[White "Andreasen, Per Anthoni"]
[Black "Eriksen, Knud Ejler"]
[Result "1-0"]
[WhiteElo "1533"]
[BlackElo "1200"]
[PlyCount "71"]
[EventDate "2000.??.??"]

1. d4 Nf6 2. c4 e6 3. Nf3 d5 4. Nc3 Bb4 5. e3 Ne4 6. Qc2 Bxc3+ 7. bxc3 Nd7 8.
Bd3 Nef6 9. O-O O-O 10. cxd5 exd5 11. c4 dxc4 12. Bxc4 c6 13. Ba3 Re8 14. Ng5
h6 15. Nxf7 Qc7 16. Nxh6+ Kh8 17. Nf7+ Kg8 18. Nd6+ Kh8 19. Nxe8 Nxe8 20. Qe4
Ndf6 21. Qh4+ Nh7 22. Be7 Bf5 23. g4 Bg6 24. f4 Be4 25. f5 Nef6 26. Bxf6 gxf6
27. g5 Bd5 28. Bxd5 cxd5 29. g6 Qg7 30. Qxh7+ Qxh7 31. gxh7 Re8 32. Rf3 Re7 33.
Rh3 b5 34. Rc1 Re8 35. Rc7 a5 36. Rg3 1-0

[Event "Faxe EMT 2000"]
[Site "Faxe"]
[Date "2000.03.15"]
[Round "1"]
[White "Strandsbjerg, Jens"]
[Black "Wehlast, Svend Erik"]
[Result "1-0"]
[WhiteElo "1500"]
[BlackElo "1402"]
[PlyCount "89"]
[EventDate "2000.??.??"]

1. d4 d5 2. c4 e6 3. Nc3 Nf6 4. Bg5 Bb4 5. e3 h6 6. Bh4 O-O 7. cxd5 exd5 8. Nf3
Qd6 9. Bd3 c6 10. h3 b5 11. Qc2 a5 12. Bg3 Qe6 13. O-O Bxc3 14. bxc3 Ne4 15.
Bh2 a4 16. a3 Ba6 17. Rfc1 Nd7 18. Ne5 f5 19. Nxd7 Qxd7 20. f3 Ng5 21. Be5 Qe6
22. h4 Nh7 23. f4 Rf7 24. g4 g6 25. gxf5 gxf5 26. Qg2+ Kf8 27. Kh1 Ke7 28. Rg1
Nf6 29. Be2 Ne4 30. Rac1 Rff8 31. Qg7+ Rf7 32. Qg6 Nf2+ 33. Kh2 Ng4+ 34. Rxg4
fxg4 35. Qxg4 Qxg4 36. Bxg4 Bc8 37. Bxc8 Rxc8 38. Rg1 h5 39. Rg5 Rh7 40. f5 Kf7
41. Rg6 Ke7 42. Kg3 Kd7 43. Kf4 Rf8 44. Rd6+ Kc7 45. Rf6+ 1-0

[Event "Faxe EMT 2000"]
[Site "Faxe"]
[Date "2000.03.15"]
[Round "1"]
[White "Eckert, Svend"]
[Black "Manly, Arne"]
[Result "1-0"]
[WhiteElo "1650"]
[BlackElo "1500"]
[PlyCount "81"]
[EventDate "2000.??.??"]

1. e4 c5 2. Nf3 Nc6 3. e5 d6 4. exd6 exd6 5. Nc3 Nf6 6. d4 cxd4 7. Nxd4 Nxd4 8.
Qxd4 a6 9. Bf4 Be6 10. Be2 Be7 11. Bf3 d5 12. Rd1 Qa5 13. O-O Bc5 14. Qe5 O-O
15. Nxd5 Bxd5 16. Bxd5 Rfe8 17. Qg5 Rad8 18. c4 h6 19. Qg3 Nh5 20. Qf3 Nxf4 21.
Qxf4 Re7 22. a3 Bd6 23. Qf3 Qc7 24. g3 b5 25. Rc1 Qa7 26. b4 bxc4 27. Bxc4 Rde8
28. Qc6 Qb8 29. Bxa6 Re6 30. Qa4 Re4 31. Qb3 Qa7 32. b5 Bc5 33. Qf3 Qb6 34. Rc2
R8e5 35. Rfc1 Re1+ 36. Rxe1 Rxe1+ 37. Kg2 Ra1 38. Qf5 Bf8 39. Rc6 Qa5 40. Rc8
Rxa3 41. Qc5 1-0

[Event "Faxe EMT 2000"]
[Site "Faxe"]
[Date "2000.03.15"]
[Round "1"]
[White "Jensen, Niels"]
[Black "Karstensen, Preben"]
[Result "0-1"]
[WhiteElo "1257"]
[BlackElo "1707"]
[PlyCount "144"]
[EventDate "2000.??.??"]

1. e4 d6 2. Nc3 c6 3. Bc4 Nf6 4. h3 e6 5. d3 d5 6. exd5 exd5 7. Bb3 Be6 8. Bg5
Be7 9. Nf3 h6 10. Bh4 Nbd7 11. O-O O-O 12. Qe2 Nc5 13. Nd4 Bd7 14. Qf3 Re8 15.
Rae1 Nh7 16. Bxe7 Rxe7 17. Kh1 Qf8 18. Rxe7 Qxe7 19. Nce2 Nf8 20. Qh5 Qf6 21.
Kg1 Re8 22. Rd1 Nh7 23. c3 Nxb3 24. axb3 Re5 25. Qf3 Qxf3 26. gxf3 c5 27. f4
Re8 28. Nf3 Rxe2 29. Re1 Rxe1+ 30. Nxe1 Bxh3 31. Nf3 Bf5 32. d4 cxd4 33. Nxd4
Bd7 34. c4 Nf6 35. f5 dxc4 36. bxc4 Ne4 37. Kg2 Nd6 38. c5 Nxf5 39. Nb3 Bc6+
40. Kh3 g6 41. Nd2 Kf8 42. Nc4 Ke7 43. Ne5 Ke6 44. Nd3 Nd4 45. Kg4 Kf6 46. f4
h5+ 47. Kg3 Nf5+ 48. Kh3 Ne3 49. Kg3 Nc4 50. b3 Nd2 51. b4 a6 52. Kh4 Nf3+ 53.
Kg3 Nd4 54. Kf2 Nc2 55. Kg3 Bb5 56. Nf2 Nxb4 57. Ne4+ Ke6 58. Ng5+ Ke7 59. Ne4
Bc6 60. Nd2 a5 61. Nc4 Ke6 62. Ne5 a4 63. Nc4 Kd5 64. Ne5 Be8 65. Nf3 a3 66. f5
a2 67. fxg6 fxg6 68. Ng1 a1=Q 69. Ne2 g5 70. Kf3 Qe1 71. Ng3 Nd3 72. c6 Qf2#
0-1

[Event "Faxe EMT 2000"]
[Site "Faxe"]
[Date "2000.03.15"]
[Round "1"]
[White "Nielsen, Poul Erik2"]
[Black "Borg, John"]
[Result "0-1"]
[WhiteElo "1338"]
[BlackElo "1408"]
[PlyCount "110"]
[EventDate "2000.??.??"]

1. Nf3 Nc6 2. d4 d5 3. c4 e6 4. cxd5 exd5 5. a3 Nf6 6. Nc3 h6 7. e3 a6 8. Be2
Bd6 9. O-O O-O 10. b4 Ne7 11. Nd2 Nf5 12. Kh1 c6 13. Nb3 Nh7 14. f4 Re8 15. Rf3
Bd7 16. Bd3 Nf6 17. Qc2 Nh4 18. Rg3 Bxf4 19. Qf2 Bxg3 20. Qxg3 Ne4 21. Nxe4
dxe4 22. Bc4 Be6 23. Bxe6 Rxe6 24. Nc5 Rg6 25. Nxb7 Qf6 26. Qe1 Rxg2 27. Bd2
Rxh2+ 28. Kxh2 Nf3+ 29. Kh1 Nxe1 30. Rxe1 Qf2 31. Bc3 f5 32. Nc5 h5 33. Ne6
Qh4+ 34. Kg1 g5 35. Re2 Qg3+ 36. Kh1 g4 37. Nf4 h4 38. Bd2 h3 39. Rh2 Kf7 40.
Re2 Qf3+ 41. Kh2 Rh8 42. Be1 Rg8 43. Bg3 Qf1 44. Rf2 Qa1 45. d5 cxd5 46. Nxd5
Rg5 47. Rc2 Qf1 48. Nf4 Qb5 49. Rc7+ Ke8 50. Rc5 Qd7 51. Re5+ Kf7 52. Nd5 Qc6
53. Nf4 Qc2+ 54. Kh1 Qb1+ 55. Kh2 Qb2+ 0-1

[Event "Faxe EMT 2000"]
[Site "Faxe"]
[Date "2000.03.15"]
[Round "1"]
[White "Hansen, Knud"]
[Black "Pedersen, Bjarne G W"]
[Result "1-0"]
[WhiteElo "1763"]
[BlackElo "1068"]
[PlyCount "87"]
[EventDate "2000.??.??"]

1. e4 c5 2. Bc4 Nc6 3. a3 e6 4. d3 Be7 5. Be3 Nf6 6. h3 O-O 7. Nf3 Qc7 8. Nbd2
d5 9. exd5 exd5 10. Ba2 Re8 11. Bg5 d4 12. O-O Bf5 13. Bh4 b5 14. Bg3 Bd6 15.
Bxd6 Qxd6 16. Nh2 b4 17. axb4 Nxb4 18. Bb3 a6 19. Nc4 Qc7 20. Qf3 Bd7 21. Rae1
Rac8 22. Qg3 Rxe1 23. Rxe1 Qxg3 24. fxg3 Nbd5 25. Nf3 h5 26. Ng5 Nh7 27. Nxh7
Kxh7 28. Nd6 Ne3 29. Nxc8 Bxc8 30. Bxf7 Nxc2 31. Rc1 Ne3 32. Rxc5 Bf5 33. Ra5
g6 34. Bc4 Bc8 35. Bxa6 Bd7 36. Bb7 Nf5 37. Kf2 Kh6 38. Be4 Ne3 39. b4 Nd1+ 40.
Kf3 Nc3 41. Ra6 Be8 42. Rd6 Nb5 43. Rd8 Bf7 44. Bd5 1-0

[Event "Faxe EMT 2000"]
[Site "Faxe"]
[Date "2000.03.22"]
[Round "2"]
[White "Christiansen, Niels"]
[Black "Andreasen, Per Anthoni"]
[Result "1-0"]
[WhiteElo "1265"]
[BlackElo "1533"]
[PlyCount "49"]
[EventDate "2000.??.??"]

1. d4 Nf6 2. Nf3 e6 3. Bg5 c5 4. c3 Nc6 5. Nbd2 Be7 6. e4 cxd4 7. cxd4 Qb6 8.
e5 Nd5 9. Bd3 Bxg5 10. Nxg5 Qxd4 11. Nc4 Nxe5 12. O-O Nxc4 13. Nxf7 Ne5 14.
Nxh8 Qxd3 15. Qh5+ Ng6 16. Qxh7 Ngf4 17. Qg8+ Ke7 18. Qxg7+ Ke8 19. Qf7+ Kd8
20. Qf8+ Kc7 21. Rfc1+ Kb6 22. Qd6+ Ka5 23. Rc5+ b5 24. a4 Ne2+ 25. Kh1 1-0

[Event "Faxe EMT 2000"]
[Site "Faxe"]
[Date "2000.03.22"]
[Round "2"]
[White "Eckert, Svend"]
[Black "Strandsbjerg, Jens"]
[Result "0-1"]
[WhiteElo "1650"]
[BlackElo "1500"]
[PlyCount "124"]
[EventDate "2000.??.??"]

1. e4 c6 2. f4 d5 3. e5 Bf5 4. Nf3 h6 5. Nd4 Qd7 6. b4 Bg4 7. Be2 Bxe2 8. Qxe2
e6 9. c3 c5 10. bxc5 Bxc5 11. Nb3 Bb6 12. d4 Ne7 13. a4 a6 14. a5 Ba7 15. Ba3
Nbc6 16. Bc5 Qc7 17. Bd6 Qd8 18. Nc5 Nxa5 19. Qa2 Bxc5 20. Bxc5 Nec6 21. Nd2 b6
22. Bd6 Nb7 23. Ba3 b5 24. O-O Qb6 25. Nf3 Nca5 26. f5 Nc4 27. fxe6 Qxe6 28.
Rfe1 Kd7 29. Bc1 Nd8 30. Nd2 Qc6 31. Nb3 Ne6 32. Qf2 Rhf8 33. Qf5 Ke8 34. Qh3
a5 35. Ba3 Nxa3 36. Rxa3 a4 37. Qe3 axb3 38. Rxb3 Ke7 39. Reb1 Rfb8 40. Qf2 Kf8
41. Rf1 Rb7 42. Rfb1 Ra4 43. Qb2 Nc7 44. Rb4 Rxb4 45. cxb4 Ne6 46. Rc1 Qd7 47.
h3 Rc7 48. Ra1 Rc4 49. Ra8+ Ke7 50. Qa1 Rc7 51. Ra6 Qc8 52. Kh2 Qb7 53. Rd6 Rc6
54. Rxc6 Qxc6 55. Qa7+ Qd7 56. Qb6 f6 57. g4 fxe5 58. dxe5 d4 59. Kg2 d3 60.
Qf2 d2 61. Qh4+ Ng5 62. Qf2 Qc6+ 0-1

[Event "Faxe EMT 2000"]
[Site "Faxe"]
[Date "2000.03.22"]
[Round "2"]
[White "Karstensen, Preben"]
[Black "Hansen, Knud"]
[Result "0-1"]
[WhiteElo "1707"]
[BlackElo "1763"]
[PlyCount "90"]
[EventDate "2000.??.??"]

1. d4 d5 2. c4 e6 3. e3 Nf6 4. Nc3 c6 5. Nf3 Bd6 6. Be2 O-O 7. O-O Nbd7 8. a3
h6 9. c5 Bc7 10. Qc2 e5 11. dxe5 Nxe5 12. Nd4 Qe7 13. b4 Bd7 14. Bb2 Nfg4 15.
Bxg4 Nxg4 16. Nf3 Rae8 17. Rae1 Nf6 18. h3 Be6 19. Nd4 Qd7 20. Nxe6 Qxe6 21.
Ne2 Ne4 22. Nd4 Qd7 23. f4 Bd8 24. Rf3 Bh4 25. Re2 f5 26. Bc3 Ng3 27. Rxg3 Bxg3
28. Nf3 Qe7 29. Be5 Rd8 30. Qb2 Rfe8 31. Nd4 Qf7 32. Nf3 Re6 33. Kf1 Rde8 34.
a4 g5 35. Nd4 R6e7 36. Qc2 gxf4 37. Nxf5 fxe3 38. Kg1 Bf2+ 39. Kh1 Qh7 40.
Nxe7+ Rxe7 41. Qxh7+ Kxh7 42. Bc3 Re4 43. Be1 Bxe1 44. Rxe1 d4 45. Kg1 d3 0-1

[Event "Faxe EMT 2000"]
[Site "Faxe"]
[Date "2000.03.22"]
[Round "2"]
[White "Refsgaard, Kaj"]
[Black "Borg, John"]
[Result "1-0"]
[WhiteElo "1663"]
[BlackElo "1408"]
[PlyCount "67"]
[EventDate "2000.??.??"]

1. d4 d5 2. c4 e6 3. Nf3 a6 4. e3 Nf6 5. Nc3 Be7 6. cxd5 exd5 7. Bd3 c6 8. O-O
h6 9. Ne5 O-O 10. Bd2 Bd6 11. f4 c5 12. Rc1 cxd4 13. exd4 Qb6 14. Be3 Qxb2 15.
Na4 Qb4 16. Rb1 Qa5 17. Qb3 b5 18. Nc3 Bb7 19. Ne2 Ne4 20. Bxe4 dxe4 21. Ng3
Qc7 22. Nf5 Qd8 23. Nxd6 Qxd6 24. f5 Nd7 25. Nxd7 Qxd7 26. Qd1 f6 27. Rf4 Qf7
28. Rg4 Kh8 29. Rg6 Kh7 30. Qh5 Kh8 31. Bxh6 gxh6 32. Rxh6+ Kg8 33. Rh8+ Kg7
34. Qh6# 1-0

[Event "Faxe EMT 2000"]
[Site "Faxe"]
[Date "2000.03.22"]
[Round "2"]
[White "Eriksen, Knud Ejler"]
[Black "Hansen, Ove Bonnelykke"]
[Result "0-1"]
[WhiteElo "1200"]
[BlackElo "1586"]
[PlyCount "44"]
[EventDate "2000.??.??"]

1. d4 d5 2. c4 Nf6 3. Nc3 e6 4. Nf3 Be7 5. e3 O-O 6. Be2 c6 7. O-O Nbd7 8. cxd5
exd5 9. Re1 Re8 10. Qc2 Bd6 11. Bd3 h6 12. h3 Nf8 13. Bd2 Bd7 14. a3 Qc7 15.
Re2 Re7 16. Rae1 Rae8 17. Na4 Qc8 18. b4 Ne4 19. g4 Bxg4 20. hxg4 Qxg4+ 21. Kf1
Qxf3 22. Bxe4 Rxe4 0-1

[Event "Faxe EMT 2000"]
[Site "Faxe"]
[Date "2000.03.22"]
[Round "2"]
[White "Nielsen, Poul Erik2"]
[Black "Jensen, Niels"]
[Result "0-1"]
[WhiteElo "1338"]
[BlackElo "1257"]
[PlyCount "120"]
[EventDate "2000.??.??"]

1. c4 d5 2. cxd5 Qxd5 3. Nc3 Qd8 4. e4 e5 5. Qa4+ Bd7 6. Qb3 Bc6 7. Nf3 Nd7 8.
Bc4 Qf6 9. d3 h6 10. O-O Nc5 11. Qc2 a6 12. Be3 Bd6 13. d4 exd4 14. Bxd4 Qg6
15. Bxc5 Bxc5 16. Ne5 Qf6 17. Nxc6 bxc6 18. Rad1 Ne7 19. Ne2 O-O 20. b3 Ng6 21.
Bxf7+ Rxf7 22. Qxc5 Ne5 23. f4 Nd7 24. Qc4 Nb6 25. Qc1 Nd7 26. e5 Qe7 27. Kh1
c5 28. Qc4 Nb6 29. Qe4 Re8 30. Rf3 Qe6 31. Rfd3 Rff8 32. Rc3 Rd8 33. Rxd8 Rxd8
34. Rd3 Rxd3 35. Qxd3 c4 36. bxc4 Qxc4 37. Qb3 Qxb3 38. axb3 a5 39. g3 Kf7 40.
Nd4 c5 41. Nb5 c4 42. bxc4 Nxc4 43. Nc3 Nb6 44. Kg1 a4 45. Kf1 a3 46. Na2 Nd5
47. Ke2 Ke6 48. Kd3 Ne7 49. g4 g6 50. Ke4 h5 51. h3 h4 52. Nc3 Nc6 53. Na2 Ne7
54. Kd4 Nc6+ 55. Kc5 Nxe5 56. fxe5 Kxe5 57. Kc4 Kf4 58. Kd4 Kg3 59. Ke5 Kxh3
60. Kf4 Kg2 0-1

[Event "Faxe EMT 2000"]
[Site "Faxe"]
[Date "2000.03.22"]
[Round "2"]
[White "Wehlast, Svend Erik"]
[Black "Toftvang, Ove"]
[Result "1/2-1/2"]
[WhiteElo "1402"]
[BlackElo "1301"]
[PlyCount "78"]
[EventDate "2000.??.??"]

1. d4 d5 2. Bf4 Nc6 3. e3 a6 4. h3 Nf6 5. Nf3 e6 6. a3 Be7 7. c4 b6 8. Nc3 O-O
9. b4 Bb7 10. c5 b5 11. Bd3 Qd7 12. O-O Rfe8 13. Bh2 Kh8 14. Qc2 h6 15. Be5 Ng8
16. Bh2 f5 17. Ne2 Bf6 18. Ne5 Nxe5 19. Bxe5 c6 20. f4 Qf7 21. Qd1 Qg6 22. Rf3
Bh4 23. Kh2 Kh7 24. Qg1 Qf7 25. g3 Be7 26. g4 Bh4 27. g5 Qh5 28. Qg2 hxg5 29.
fxg5 Ne7 30. Rg1 Ng6 31. Nf4 Nxf4 32. Rxf4 Kg6 33. Be2 Qh7 34. Rf3 a5 35. Bf4
axb4 36. axb4 Ra2 37. Bg3 Bxg3+ 38. Rxg3 e5 39. dxe5 Ra4 1/2-1/2

[Event "Faxe EMT 2000"]
[Site "Faxe"]
[Date "2000.03.22"]
[Round "2"]
[White "Pedersen, Bjarne G W"]
[Black "Manly, Arne"]
[Result "0-1"]
[WhiteElo "1068"]
[BlackElo "1500"]
[PlyCount "76"]
[EventDate "2000.??.??"]

1. d4 d5 2. Nf3 f6 3. c4 dxc4 4. e3 b5 5. Nc3 a6 6. a4 c6 7. axb5 cxb5 8. Nxb5
Bb7 9. Bxc4 axb5 10. Bxb5+ Nc6 11. Rxa8 Qxa8 12. b4 e6 13. e4 Bxb4+ 14. Bd2 Qa5
15. Bxc6+ Bxc6 16. d5 Bxd2+ 17. Nxd2 exd5 18. O-O Kf7 19. Qf3 Qxd2 20. Rd1 Qb2
21. exd5 Bd7 22. d6 Qe5 23. h3 Nh6 24. Qb3+ Qe6 25. Qf3 Rb8 26. Qc3 Nf5 27. Qc7
Rc8 28. Qa5 Nxd6 29. Re1 Qf5 30. Qd2 Nc4 31. Qa2 Qa5 32. Qe2 Qe5 33. Qd1 Qd6
34. Qh5+ Kg8 35. Rd1 Qe6 36. Qf3 Bc6 37. Qb3 Qe4 38. f3 Qe3+ 0-1

[Event "Faxe EMT 2000"]
[Site "Faxe"]
[Date "2000.03.29"]
[Round "3"]
[White "Refsgaard, Kaj"]
[Black "Hansen, Knud"]
[Result "0-1"]
[WhiteElo "1663"]
[BlackElo "1763"]
[PlyCount "126"]
[EventDate "2000.??.??"]

1. d4 d5 2. c4 e6 3. Nc3 c6 4. e3 Nf6 5. Nf3 Bd6 6. c5 Bc7 7. Bd3 O-O 8. O-O h6
9. Bc2 Qe7 10. b4 Nbd7 11. Qd3 e5 12. dxe5 Nxe5 13. Nxe5 Bxe5 14. Bb2 Bd7 15.
Rab1 g6 16. f3 Rad8 17. Qd2 Kh7 18. f4 Bc7 19. Qd4 Rg8 20. Rbe1 Bc8 21. Rf3 Bg4
22. Rf2 Bc8 23. h3 Ne8 24. Ne2 Ng7 25. Ng3 f5 26. Rf3 b6 27. cxb6 Bxb6 28. Qc3
Bb7 29. Kh2 Qd6 30. a3 c5 31. bxc5 Bxc5 32. Rff1 Rc8 33. Bb1 Qc6 34. Rc1 d4 35.
Qc2 dxe3 36. Rfe1 Qb6 37. Ba2 Rgd8 38. Nf1 Bd6 39. Qb3 Bxf4+ 40. g3 Rd2+ 41.
Nxd2 exd2 42. Rf1 dxc1=Q 43. Bxc1 Bxc1 44. Qxb6 axb6 45. Bb3 Bxa3 46. Rd1 Be4
47. Rd7 Rc3 48. Bf7 Bc5 49. g4 Rd3 50. Ra7 Bd6+ 51. Kg1 fxg4 52. hxg4 Rg3+ 53.
Kf2 Rxg4 54. Kf1 h5 55. Kf2 Kh6 56. Rd7 Bc5+ 57. Kf1 Nf5 58. Be6 Rg1+ 59. Ke2
Nd4+ 60. Ke3 Bc6 61. Ra7 Nxe6+ 62. Ke2 h4 63. Rf7 h3 0-1

[Event "Faxe EMT 2000"]
[Site "Faxe"]
[Date "2000.03.29"]
[Round "3"]
[White "Strandsbjerg, Jens"]
[Black "Christiansen, Niels"]
[Result "0-1"]
[WhiteElo "1500"]
[BlackElo "1265"]
[PlyCount "94"]
[EventDate "2000.??.??"]

1. d4 Nf6 2. Nf3 d6 3. c4 Nbd7 4. e3 e5 5. dxe5 dxe5 6. Qc2 Bd6 7. Nc3 b6 8.
Bd3 Bb7 9. e4 Nc5 10. Nd5 Nxd3+ 11. Qxd3 O-O 12. O-O h6 13. b3 a5 14. Bb2 Re8
15. Rad1 Nxd5 16. cxd5 Ba6 17. Qc2 Bxf1 18. Rxf1 f6 19. Nh4 Qd7 20. Bc1 a4 21.
Nf5 Ra7 22. Qd3 Rea8 23. Qg3 Kh7 24. h4 Bc5 25. h5 Qf7 26. Qf3 axb3 27. axb3
Ra1 28. Nh4 R8a2 29. Qf5+ Kg8 30. Be3 Rxf1+ 31. Kxf1 Bxe3 32. fxe3 Qe8 33. Kg1
Rb2 34. Qg4 Rxb3 35. Nf5 Qf8 36. Nxh6+ Kh8 37. Nf5 Ra3 38. Nh4 Qe8 39. Nf5 Qf7
40. Qh3 b5 41. h6 g6 42. Nh4 Kh7 43. Nf3 b4 44. g4 b3 45. Qf1 b2 46. Ng5+ Kg8
47. Nxf7 Ra1 0-1

[Event "Faxe EMT 2000"]
[Site "Faxe"]
[Date "2000.03.29"]
[Round "3"]
[White "Andreasen, Per Anthoni"]
[Black "Hansen, Ove Bonnelykke"]
[Result "1-0"]
[WhiteElo "1533"]
[BlackElo "1586"]
[PlyCount "107"]
[EventDate "2000.??.??"]

1. d4 d5 2. c4 e6 3. Nc3 Nf6 4. Bg5 Be7 5. e3 O-O 6. Nf3 Nbd7 7. Bd3 c6 8. O-O
h6 9. Bh4 b6 10. Rc1 Bb7 11. Qc2 Re8 12. cxd5 exd5 13. Bf5 Nf8 14. Ne2 g6 15.
Bd3 Bd6 16. Bg3 Ne4 17. Bxd6 Qxd6 18. Ne5 c5 19. Bxe4 dxe4 20. Nc4 Qe7 21. dxc5
Qxc5 22. Nd2 Qxc2 23. Rxc2 Ba6 24. Re1 Nd7 25. b4 f5 26. Nf4 Ne5 27. a4 Rac8
28. Rxc8 Rxc8 29. b5 Bb7 30. h3 Kf7 31. Nb3 Rc3 32. Rc1 Rxc1+ 33. Nxc1 Ke7 34.
Kf1 Kd6 35. Nb3 Bc8 36. Ke1 Be6 37. Nxe6 Kxe6 38. a5 Kd5 39. a6 Kc4 40. Nd4
Nd3+ 41. Ke2 Nc1+ 42. Ke1 Nb3 43. Nc6 Kxb5 44. Nxa7+ Kxa6 45. Nc8 Nc5 46. Ne7
Nd3+ 47. Ke2 Ne5 48. f4 Nc4 49. Nxg6 b5 50. Ne7 Nd6 51. g4 Kb6 52. Nxf5 Nxf5
53. gxf5 Kc6 54. Kd2 1-0

[Event "Faxe EMT 2000"]
[Site "Faxe"]
[Date "2000.03.29"]
[Round "3"]
[White "Karstensen, Preben"]
[Black "Eckert, Svend"]
[Result "1/2-1/2"]
[WhiteElo "1707"]
[BlackElo "1650"]
[PlyCount "88"]
[EventDate "2000.??.??"]

1. d4 Nf6 2. c4 e5 3. e3 e4 4. Ne2 d5 5. Ng3 Bd6 6. Nc3 c6 7. cxd5 Bxg3 8. hxg3
Nxd5 9. Nxe4 Bf5 10. Bd3 Bg6 11. a3 Nd7 12. Nd6+ Ke7 13. Nf5+ Bxf5 14. Bxf5 g6
15. Be4 N7f6 16. Bf3 Qd7 17. e4 Qe6 18. e5 Rae8 19. O-O Ng8 20. Bg4 f5 21.
exf6+ Qxf6 22. Re1+ Kf7 23. Rxe8 Kxe8 24. Be3 Nge7 25. Qb3 h5 26. Bf3 h4 27.
Bxd5 Nxd5 28. Re1 Kf8 29. Qxb7 hxg3 30. fxg3 Nxe3 31. Rxe3 Qxd4 32. Qe7+ Kg8
33. Qe8+ Kg7 34. Qe5+ Qxe5 35. Rxe5 Kf6 36. Rc5 Rc8 37. Kf2 Ke6 38. Ke3 Kd6 39.
b4 Re8+ 40. Kf3 Rf8+ 41. Kg4 Rf2 42. Kh3 Re2 43. Ra5 Re7 44. Rg5 Re6 1/2-1/2

[Event "Faxe EMT 2000"]
[Site "Faxe"]
[Date "2000.03.29"]
[Round "3"]
[White "Manly, Arne"]
[Black "Borg, John"]
[Result "1-0"]
[WhiteElo "1500"]
[BlackElo "1408"]
[PlyCount "85"]
[EventDate "2000.??.??"]

1. d4 d5 2. c4 e6 3. Nc3 Nf6 4. Nf3 Be7 5. e3 Nc6 6. a3 O-O 7. c5 a6 8. b4 b5
9. Bb2 h6 10. Bd3 Nh7 11. O-O f5 12. Ne2 Bf6 13. Ng3 Qe8 14. Qc2 Ng5 15. Nxg5
Bxg5 16. f4 Bf6 17. Rf3 Ne7 18. Nh1 c6 19. Nf2 Ng6 20. g4 Nh4 21. Rg3 Ra7 22.
Bc3 fxg4 23. Nxg4 Qh5 24. Be2 Qg6 25. Bd3 Nf5 26. Ne5 Qe8 27. Rh3 Bxe5 28. Bxf5
Rxf5 29. dxe5 Qg6+ 30. Rg3 Qh5 31. Kh1 Bd7 32. Qg2 Be8 33. Rg1 Rff7 34. Rh3 Qf5
35. Rxh6 Qe4 36. Qxe4 dxe4 37. Rxe6 Kh7 38. Rxe8 Rad7 39. Bd4 Rxd4 40. exd4
Rxf4 41. Re7 e3 42. Rexg7+ Kh8 43. R7g3 1-0

[Event "Faxe EMT 2000"]
[Site "Faxe"]
[Date "2000.03.29"]
[Round "3"]
[White "Toftvang, Ove"]
[Black "Jensen, Niels"]
[Result "0-1"]
[WhiteElo "1301"]
[BlackElo "1257"]
[PlyCount "130"]
[EventDate "2000.??.??"]

1. e4 e5 2. Nf3 Nc6 3. Bc4 Bc5 4. d3 h6 5. b3 d6 6. h3 Nf6 7. Bb2 a6 8. a3 b5
9. Bd5 Nxd5 10. exd5 Nd4 11. Nbd2 Nf5 12. b4 Bb6 13. Ne4 O-O 14. c4 bxc4 15.
dxc4 Nh4 16. O-O f5 17. Ng3 Nxf3+ 18. Qxf3 Qg5 19. Bc1 Qg6 20. Kh2 Bd4 21. Ra2
e4 22. Qh5 Qxh5 23. Nxh5 Be5+ 24. Kh1 Bd7 25. Ng3 Rac8 26. Ne2 Ba4 27. Rd2 Bb3
28. c5 Bc4 29. c6 Rb8 30. Re1 Rb5 31. g3 Bxd5 32. Rc2 e3+ 33. Kg1 exf2+ 34.
Kxf2 Be4 35. Rd2 Rd5 36. Rxd5 Bxd5 37. Nf4 Bxc6 38. Ne6 Rc8 39. Rd1 Bd7 40. Nf4
Kh7 41. Rd5 g5 42. Ne2 Bc6 43. Rd3 Bb5 44. Rd2 Rf8 45. Nd4 Bd7 46. Nf3 Bf6 47.
Rd5 g4 48. Ng1 Be5 49. h4 Bc6 50. Rd3 f4 51. Ke1 fxg3 52. Be3 g2 53. Bf2 Bh2
54. Ne2 Bb5 55. Re3 Rf7 56. Re6 Bxe2 57. Be3 Bc4 58. Rxh6+ Kg7 59. Rh5 Rf1+ 60.
Kd2 g1=Q 61. Rg5+ Kf7 62. Bxg1 Rxg1 63. Rf5+ Kg6 64. Rg5+ Kh6 65. Rg8 Bxg8 0-1

[Event "Faxe EMT 2000"]
[Site "Faxe"]
[Date "2000.03.29"]
[Round "3"]
[White "Eriksen, Knud Ejler"]
[Black "Wehlast, Svend Erik"]
[Result "0-1"]
[WhiteElo "1200"]
[BlackElo "1402"]
[PlyCount "62"]
[EventDate "2000.??.??"]

1. d4 d5 2. c4 e6 3. Nc3 h6 4. e3 Nf6 5. Nf3 c5 6. cxd5 Nxd5 7. Be2 Nc6 8. Qc2
cxd4 9. exd4 Bb4 10. O-O a6 11. Rd1 O-O 12. a3 Bd6 13. Qb3 Nce7 14. Ne4 f5 15.
Nxd6 Qxd6 16. Ne5 f4 17. Bf3 b5 18. Qd3 Ra7 19. b4 Rc7 20. Re1 Bb7 21. Bd2 Bc8
22. Ng6 Nxg6 23. Qxg6 Nf6 24. Be2 Qxd4 25. Bd3 Rd7 26. Bxb5 axb5 27. Re2 Qxa1+
28. Re1 Qd4 29. Bc1 Qd1 30. Kf1 Qd3+ 31. Kg1 Qxg6 0-1

[Event "Faxe EMT 2000"]
[Site "Faxe"]
[Date "2000.03.29"]
[Round "3"]
[White "Pedersen, Bjarne G W"]
[Black "Nielsen, Poul Erik2"]
[Result "0-1"]
[WhiteElo "1068"]
[BlackElo "1338"]
[PlyCount "68"]
[EventDate "2000.??.??"]

1. d4 g6 2. Nf3 Bg7 3. e4 d6 4. Nc3 Bg4 5. Be2 Nd7 6. O-O c6 7. Bf4 Bxf3 8.
Bxf3 e5 9. dxe5 Nxe5 10. Re1 Ne7 11. Bxe5 Bxe5 12. Re3 O-O 13. Qe2 Qc7 14. g3
Rae8 15. Rd1 a6 16. a4 b5 17. b4 f5 18. exf5 Nxf5 19. Re4 Qf7 20. Qd3 Nxg3 21.
fxg3 Qxf3 22. Qxf3 Rxf3 23. Ne2 d5 24. Rxe5 Rxe5 25. Nd4 Rc3 26. axb5 axb5 27.
Rd3 Rc4 28. c3 Re1+ 29. Kf2 Rc1 30. Rf3 R4xc3 31. Ne6 Rxf3+ 32. Kxf3 Rc4 33.
Nc7 Rxb4 34. Nxd5 cxd5 0-1

[Event "Faxe EMT 2000"]
[Site "Faxe"]
[Date "2000.04.05"]
[Round "4"]
[White "Andreasen, Per Anthoni"]
[Black "Strandsbjerg, Jens"]
[Result "1/2-1/2"]
[WhiteElo "1533"]
[BlackElo "1500"]
[PlyCount "86"]
[EventDate "2000.??.??"]

1. b3 e5 2. Bb2 Nc6 3. e3 d5 4. Bb5 Bd6 5. f4 Qe7 6. Nf3 f6 7. fxe5 fxe5 8.
Nxe5 Qh4+ 9. g3 Qe4 10. Nf3 Nf6 11. Bxf6 gxf6 12. Nc3 Qg4 13. Nxd5 Bxg3+ 14.
hxg3 Qxg3+ 15. Ke2 Bf5 16. Rg1 Qd6 17. Nc3 O-O-O 18. Bxc6 Qxc6 19. Nd4 Qa6+ 20.
Ke1 Bg6 21. Qg4+ Kb8 22. Qe6 Rd6 23. Qc4 Rhd8 24. Ncb5 R6d7 25. a4 f5 26. Na3
Qf6 27. d3 f4 28. Rf1 Re8 29. Kd2 fxe3+ 30. Kc3 Qe5 31. b4 e2 32. Rfe1 Bh5 33.
Qc5 Rd5 34. Qc4 c5 35. Kb3 Rxd4 36. Qxc5 Bf7+ 37. Nc4 Bxc4+ 38. dxc4 Qxc5 39.
bxc5 Re3+ 40. c3 Rdd3 41. Rac1 a5 42. Rc2 Rd1 43. Rexe2 Rxe2 1/2-1/2